BELIEF AND UNBELIEF

Gorde:
Xehetasun bibliografikoak
Egile nagusia: Novak, Michael (autor)
Formatua: Liburua
Etiketak: Etiketa erantsi
Etiketarik gabe, Izan zaitez lehena erregistro honi etiketa jartzen!

MARC

LEADER 00000nam^a2200000^a^4500
001 000208851
005 20250521000000.0
009 20260310103302.129
035 |a 002967 
037 |a Acervo Xavier Clavigero 
082 |a 231. 6 NOV 
100 |a Novak, Michael  |e (autor) 
245 1 0 |a BELIEF AND UNBELIEF 
264 |a TORONTO :  |b A MENTOR OMEGA BOOK,  |c 1967 
336 |a texto  |b txt  |2 rdacontenido 
337 |a sin mediación  |b n  |2 rdamedio 
338 |a volumen  |b nc  |2 rdasoporte 
649 |a XX 
910 |a Fondo General 
920 |a Impresos - Libros 
930 |a Colección General 
905 |a 101 
901 |a 002967  |b IT1  |c ACC  |i 002967  |u 20250521 
902 |a https://opac.biblio.iteso.mx/vufind/Record/000208851